000
00247nam a22001217a 4500
008
180119b xxu||||| |||| 00| 0 eng d
041
_a
eng
080
_a
7
100
_a
44
101
_a
art
245
_a
kandinsky
_c
michel.c.l
942
_2
udc
_c
BK
999
_c
40537
_d
40537